Zdanlivo bezpečné O úrazovosti školských pracovníkov v Stredoslovenskom kraji

Bibliographic Details
Main Author: Spáčilová, Alžbeta (Author)
Format: Article
Language:Slovak
Subjects:

MARC

LEADER 00000nab a2200000 a 4500
001 vtls000159505
003 SK-MaSNL
005 20260303072902.0
008 220422c1983 xo 0 slo
015 |a SNBRB19rr/mm-uuuuu 
035 |a CL0169615 
040 |a SNKBUCL  |b slo  |c SNKBUCL  |e AACR2 
041 0 |a slo 
044 |a xo  |c SK 
080 |a 371.1  |2 1981 
080 |a 614.8  |2 1981 
100 1 |a Spáčilová, Alžbeta  |4 aut  |9 279742 
245 1 0 |a Zdanlivo bezpečné  |b O úrazovosti školských pracovníkov v Stredoslovenskom kraji  |c Alžbeta Spáčilová 
650 0 7 |a pracovníci školskí  |2 snkbucl  |9 922960 
650 0 7 |a úrazovosť  |2 snkbucl  |9 20830 
651 7 |a 5300  |2 snkbucl  |9 279425 
655 7 |a články z novín a časopisov  |2 snkbucl  |9 267496 
773 0 |t Smer  |g Roč. 35, č. 176 (28. 7. 1983), s. 5 
850 |a Slovenská národná knižnica v Martine  |a MTA001 
852 |a SNK  |b KIS3GCP 
958 |a RK 
958 |a ME 
992 |a RBX 
999 |c 1765113  |d 1767043